Southville International School and Colleges
Your cart is empty.
  • Cart
  • Lists
    Public lists Eva Luna New books Lux_list list_1
    Your lists Log in to create your own lists
  • Log in to your account
  • Your cookies
  • Search history
Southville International School and Colleges
  • Advanced search
  • Recent comments
  • Most popular
  • Libraries

Log in to your account

Log in with GOOGLE


If you do not have an external account, but do have a local account, you can still log in:

  1. Home
  2. MARC view: Art in action /
Normal view MARC view ISBD view

Art in action / (Record no. 11781)

[ view plain ]
MARC details
000 -LEADER
fixed length control field 00558nam a22002177a 4500
003 - CONTROL NUMBER IDENTIFIER
control field OSt
005 - DATE AND TIME OF LATEST TRANSACTION
control field 20140310182319.0
008 - FIXED-LENGTH DATA ELEMENTS--GENERAL INFORMATION
fixed length control field 130312t xxu||||| |||| 00| 0 eng d
020 ## - INTERNATIONAL STANDARD BOOK NUMBER
International Standard Book Number 0157700488
050 ## - LIBRARY OF CONGRESS CALL NUMBER
Classification number N 350
Item number .H875 1987
082 ## - DEWEY DECIMAL CLASSIFICATION NUMBER
Classification number GS 701.8
Item number H86 1987
100 ## - MAIN ENTRY--PERSONAL NAME
Personal name Hubbard, Guy
9 (RLIN) 21085
245 ## - TITLE STATEMENT
Title Art in action /
Statement of responsibility, etc Guy Hubbard.
260 ## - PUBLICATION, DISTRIBUTION, ETC. (IMPRINT)
Place of publication, distribution, etc San Diego :
Name of publisher, distributor, etc Coronado,
Date of publication, distribution, etc 1987.
300 ## - PHYSICAL DESCRIPTION
Extent 149 p. :
Other physical details col. ill. ;
Dimensions 29 cm.
500 ## - GENERAL NOTE
General note Includes index.
650 ## - SUBJECT ADDED ENTRY--TOPICAL TERM
Topical term or geographic name as entry element Arts.
9 (RLIN) 7159
942 ## - ADDED ENTRY ELEMENTS (KOHA)
Source of classification or shelving scheme Library of Congress Classification
Koha item type
Holdings
Withdrawn status Lost status Source of classification or shelving scheme Damaged status Home library Current library Shelving location Date acquired Total Checkouts Full call number Barcode Date last seen Copy number Price effective from Koha item type
    Library of Congress Classification   Luxembourg Library Luxembourg Library Grade School Section 09/20/2013   N 350 .H875 1987 2685 08/10/2015 1 09/20/2013 Books
    Library of Congress Classification   Luxembourg Library Luxembourg Library Grade School Section 09/20/2013   N 350 .H875 1987 2686 09/20/2013 2 09/20/2013 Books

Art in action /

APA

Hubbard G., . (1987). Art in action. San Diego: Coronado.

Chicago

Hubbard Guy, . 1987. Art in action. San Diego: Coronado.

Harvard

Hubbard G., . (1987). Art in action. San Diego: Coronado.

MLA

Hubbard Guy, . Art in action. San Diego: Coronado. 1987.

  • Place hold
  • Print
  • Cite
  • Add to your cart (remove)
  • Save record
    BIBTEX Dublin Core MARCXML MARC (non-Unicode/MARC-8) MARC (Unicode/UTF-8) MARC (Unicode/UTF-8, Standard) MODS (XML) RIS
  • More searches
    Search for this title in:
    Other Libraries (WorldCat) Other Databases (Google Scholar) Online Stores (Bookfinder.com) Open Library (openlibrary.org)

Exporting to Dublin Core...

SOUTHVILLE LIBRARY

Southville International School and Colleges Library

1281 Tropical Ave. Cor. Luxembourg St., BF Homes International, Las Pinas City

Tel. No. 8256374 / 252358 Loc. 117/146

Powered by Koha